100 Biggest Cities of Senegal on a Map - Statistics

General Stats
  • This quiz has been taken 29 times
  • The average score is 17 of 100
Answers on the Map
Answers color-coded by a green-red scale on the quiz's map according to % correct below.
 
Answer Stats
Population City % Correct
3,186,088 Dakar
100%
254,171 Saint-Louis
60%
1,120,824 Touba
60%
391,253 Thiès
56%
214,874 Ziguinchor
48%
157,554 Diourbel
36%
298,904 Kaolack
36%
59,231 Kédougou
32%
149,071 Tambacounda
32%
57,307 Kaffrine
28%
103,574 Kolda
28%
113,365 Louga
28%
101,451 Mbacké
28%
284,189 Mbour
28%
295,459 Rufisque
28%
27,695 Matam
24%
73,147 Richard-Toll
24%
18,939 Bakel
20%
39,361 Fatick
20%
61,582 Joal-Fadiouth
20%
15,244 Kanel
20%
20,321 Khombole
20%
19,191 Linguère
20%
47,964 Nguékhokh
20%
12,512 Podor
20%
22,299 Rosso
20%
31,511 Sédhiou
20%
102,658 Tivaouane
20%
37,374 Bambey
16%
69,242 Bargny
16%
28,642 Bignona
16%
26,568 Dagana
16%
45,530 Dahra
16%
8,924 Foundiougne
16%
20,340 Guinguinéo
16%
33,273 Kayar
16%
27,305 Kébémer
16%
31,149 Koungheul
16%
40,811 Mboro
16%
27,566 Meckhe
16%
20,270 Ndioum
16%
13,744 Ngaparou
16%
27,222 Ourossogui
16%
29,874 Pout
16%
110,958 Sangalkam
16%
20,424 Sokone
16%
8,762 Somone
16%
45,431 Vélingara
16%
9,969 Bounkiling
12%
9,611 Dabo
12%
47,759 Diamniadio
12%
12,147 Diawara
12%
8,109 Diouloulou
12%
12,296 Gaé
12%
18,239 Gandiaye
12%
15,630 Gossas
12%
10,540 Goudiry
12%
15,993 Goudomp
12%
13,551 Kidira
12%
15,723 Koumpentoum
12%
16,216 Kounkané
12%
12,188 Malem-Hodar
12%
11,025 Mpal
12%
18,322 Passy
12%
16,225 Ross Béthio
12%
41,811 Saly Portudal
12%
42,839 Sébikhotane
12%
20,168 Thiadiaye
12%
14,384 Aéré Lao
8%
10,891 Birkelane
8%
41,411 Diaobé-Kabendou
8%
12,795 Diofior
8%
7,124 Golléré
8%
7,002 Guédé Chantier
8%
10,547 Guéoul
8%
12,646 Hamady Ounaré
8%
71,036 Jaxaay-Parcelles
8%
26,376 Kahone
8%
26,972 Karang Poste
8%
16,551 Keur Madiabel
8%
11,508 Lydiane
8%
18,531 Madina Wandifa
8%
9,815 Marsassoum
8%
6,769 Ndiandane
8%
18,974 Ndofane
8%
14,369 Nganda
8%
14,423 Nguidjilone
8%
28,491 Nioro du Rip
8%
12,743 Popenguine-Ndayane
8%
9,213 Semmé
8%
20,048 Sinthiou Bamambé-Banadji
8%
15,044 Thilogne
8%
8,961 Thionck Essyl
8%
152,043 Tivaouane Peulh-Niaga
8%
9,376 Waoundé
8%
61,100 Bambylor
4%
10,046 Ndiagne
4%
11,543 Ndiamacouta
4%
7,384 Odobéré
4%
34,892 Yenne
4%
No matching quizzes found
Score Distribution
Percent of People with Each Score
Percentile by Number Answered
Your Score History
You have not taken this quiz